[Event "Catalunya-chT Gp2 Final"]
[Site "Barcelona"]
[Date "2023.03.25"]
[Round "3.4"]
[White "Ortega Serra, Marc"]
[Black "Campins Machado, Francesc"]
[Result "1-0"]
[WhiteElo "2297"]
[BlackElo "2176"]
[PlyCount "89"]
[EventDate "2023.03.11"]
[EventType "team-k.o."]
[EventRounds "4"]
[EventCountry "ESP"]
[SourceTitle "EXT 2024"]
[Source "ChessBase"]
[SourceDate "2023.10.10"]
[SourceVersion "1"]
[SourceVersionDate "2023.10.10"]
[SourceQuality "1"]
[WhiteTeam "Cerdanyola Valles"]
[BlackTeam "Badalona Cor de Marina"]
[WhiteTeamCountry "ESP"]
[BlackTeamCountry "ESP"]

1. d4 d5 2. Nf3 c6 3. g3 Nf6 4. Bg2 e6 5. 0-0 Be7 6. c4 0-0 7. Nc3 b6 8. Ne5 Nfd7 9. Nxd7 Nxd7 10. Bf4 Bb7 11. cxd5 exd5 12. Rc1 Nf6 13. f3 c5 14. Be3 Re8 15. Bf2 Qd7 16. Qd2 Rac8 17. Rfd1 Bf8 18. g4 cxd4 19. Bxd4 Bc5 20. Qe1 Qe7 21. Qf2 Bxd4 22. Rxd4 b5 23. g5 Nh5 24. Rcd1 Qxg5 25. Rg4 Qe3 26. Qxe3 Rxe3 27. Kf2 Re5 28. Rb4 a6 29. f4 Re7 30. Nxd5 Bxd5 31. Bxd5 Rd7 32. Rbd4 Kf8 33. Bf3 Rxd4 34. Rxd4 Rc5 35. a4 bxa4 36. Rxa4 a5 37. Ke3 Ke7 38. Kd4 Rb5 39. Ke3 Kd7 40. Kd3 Kd6 41. Rd4+ Ke6 42. f5+ Kxf5 43. Bxh5 Ke6 44. Bg4+ f5 45. Bf3 1-0

[Event "Barcelona Sants op-A 23rd"]
[Site "Barcelona"]
[Date "2022.08.20"]
[Round "2"]
[White "Campins Machado, Francesc"]
[Black "Terry, Renato"]
[Result "0-1"]
[WhiteElo "2175"]
[BlackElo "2507"]
[PlyCount "88"]
[EventDate "2022.08.19"]
[EventType "swiss"]
[EventRounds "10"]
[EventCountry "ESP"]
[SourceTitle "CBM 209 Extra"]
[Source "ChessBase"]
[SourceDate "2022.09.30"]
[SourceVersion "1"]
[SourceVersionDate "2022.09.30"]
[SourceQuality "1"]

1. Nf3 g6 2. c4 Bg7 3. g3 e5 4. Nc3 f5 5. d3 d6 6. Bg2 Ne7 7. 0-0 0-0 8. Bd2 h6 9. Nd5 c6 10. Nxe7+ Qxe7 11. Ne1 Be6 12. Rb1 d5 13. b3 g5 14. Nc2 Na6 15. Qc1 f4 16. Qa3 Qd7 17. cxd5 cxd5 18. Qa4 Qf7 19. Nb4 Nc5 20. Qa3 Rfc8 21. Rbc1 Bf8 22. Qb2 d4 23. Nc2 f3 24. Bxf3 Nxd3 25. exd3 Qxf3 26. Ne1 Qd5 27. f3 Bg7 28. Qa3 Rc6 29. Rxc6 Qxc6 30. Qc1 Qd5 31. Qd1 a5 32. Nc2 Bf5 33. Qe2 Qb5 34. Ne1 a4 35. b4 a3 36. Rf2 Rc8 37. h4 gxh4 38. gxh4 Qd5 39. Rg2 Kh7 40. f4 e4 41. dxe4 Bxe4 42. Rg3 d3 43. Nxd3 Rc2 44. Nf2 Bf5 0-1

[Event "Catalunya-chT Gp1"]
[Site "Barcelona"]
[Date "2022.02.05"]
[Round "3.4"]
[White "Campins Machado, Francesc"]
[Black "Valenzuela Gomez, Fernando Alberto"]
[Result "0-1"]
[WhiteElo "2125"]
[BlackElo "2373"]
[PlyCount "97"]
[EventDate "2022.01.22"]
[EventType "team-tourn"]
[EventRounds "9"]
[EventCountry "ESP"]
[SourceTitle "CBM 206 Extra"]
[Source "ChessBase"]
[SourceDate "2022.03.31"]
[SourceVersion "1"]
[SourceVersionDate "2022.03.31"]
[SourceQuality "1"]
[WhiteTeam "Badalona Cor de Marina"]
[BlackTeam "Barcelona Escacs CC"]
[WhiteTeamCountry "ESP"]
[BlackTeamCountry "ESP"]

1. Nf3 d5 2. c4 d4 3. b4 c5 4. e3 Nf6 5. Bb2 dxe3 6. fxe3 cxb4 7. d4 g6 8. Ne5 Bg7 9. Qa4+ Nbd7 10. Be2 0-0 11. Nxd7 Qxd7 12. Qxb4 Qf5 13. Bf3 Qg5 14. Qd2 e5 15. 0-0 Rd8 16. Qf2 e4 17. Bd1 h5 18. h4 Qa5 19. Nd2 Bf5 20. Nb3 Qc7 21. Rc1 Ng4 22. Bxg4 hxg4 23. g3 a5 24. Kg2 a4 25. Nd2 a3 26. Bc3 b5 27. cxb5 Qb7 28. Nb3 Qxb5 29. Nc5 Rd5 30. Qf4 Rxc5 31. Rb1 Qe2+ 32. Rf2 Qd3 33. dxc5 Qxb1 34. Bxg7 Kxg7 35. Qe5+ Kg8 36. h5 Qb8 37. Qf6 Qd8 38. Qc3 Qg5 39. hxg6 Bxg6 40. c6 Qa5 41. Qf6 Rc8 42. Rc2 Qf5 43. Qxf5 Bxf5 44. Kf2 Rc7 45. Ke1 Be6 46. Kd2 Kf8 47. Rc3 Bxa2 48. Rxa3 Bd5 49. Ke1 0-1

[Event "Barcelona Vila de Gracia op 25th"]
[Site "Barcelona"]
[Date "2021.11.19"]
[Round "8"]
[White "Campins Machado, Francesc"]
[Black "Comellas Blanchart, Jordi"]
[Result "1-0"]
[WhiteElo "2113"]
[BlackElo "2044"]
[PlyCount "61"]
[EventDate "2021.10.01"]
[EventType "swiss"]
[EventRounds "9"]
[EventCountry "ESP"]
[SourceTitle "EXT 2023"]
[Source "ChessBase"]
[SourceDate "2022.10.05"]
[SourceVersion "1"]
[SourceVersionDate "2022.10.05"]
[SourceQuality "1"]

1. d4 d5 2. c4 c6 3. Nf3 Nf6 4. e3 e6 5. Nbd2 Nbd7 6. Bd3 Bd6 7. 0-0 0-0 8. e4 dxe4 9. Nxe4 Nxe4 10. Bxe4 c5 11. Bc2 cxd4 12. Qd3 g6 13. Qxd4 Bc5 14. Qe4 Re8 15. Rd1 Qb6 16. Qh4 e5 17. Rb1 a5 18. Ba4 Re7 19. Be3 Qc7 20. Bg5 Re8 21. Rd5 Ra6 22. Rbd1 Rd6 23. Rxd6 Bxd6 24. Nd2 f5 25. c5 Bxc5 26. Bb3+ Kh8 27. Bf7 Rg8 28. Bxg8 Kxg8 29. Nb3 Bb6 30. Rc1 Qb8 31. Qc4+ 1-0

[Event "Catalunya-chT Gp1"]
[Site "Barcelona"]
[Date "2020.02.01"]
[Round "3.7"]
[White "Campins Machado, Francesc"]
[Black "Mellado Trivino, Juan"]
[Result "0-1"]
[WhiteElo "2129"]
[BlackElo "2349"]
[PlyCount "98"]
[EventDate "2020.01.18"]
[EventType "team-tourn"]
[EventRounds "7"]
[EventCountry "ESP"]
[SourceTitle "CBM 194 Extra"]
[Source "ChessBase"]
[SourceDate "2020.03.31"]
[SourceVersion "1"]
[SourceVersionDate "2020.03.31"]
[SourceQuality "1"]
[WhiteTeam "Badalona Cor de Marina"]
[BlackTeam "Mollet"]
[WhiteTeamCountry "ESP"]
[BlackTeamCountry "ESP"]

1. Nf3 d5 2. c4 dxc4 3. Qa4+ Nc6 4. g3 Nf6 5. Bg2 Bd7 6. Qxc4 e5 7. 0-0 Bd6 8. d3 h6 9. a3 0-0 10. Nbd2 a5 11. b3 Qe7 12. Bb2 Rfe8 13. Qc2 Qe6 14. Nc4 Qf5 15. Nh4 Qh5 16. Bf3 Bg4 17. Ne3 Bxf3 18. Nxf3 Qh3 19. Qc4 Rad8 20. Qh4 Qxh4 21. Nxh4 Nd4 22. Bxd4 exd4 23. Nc4 b6 24. Rfe1 Nd5 25. Nf5 Bc5 26. Kf1 Nc3 27. Rac1 Rd5 28. g4 g6 29. Ng3 Bf8 30. e4 Rb5 31. Ne3 Rxb3 32. Nc2 Bc5 33. Ne2 Na4 34. Ncxd4 Rxd3 35. Nb5 Rxe4 36. Nxc7 Rf3 37. Rxc5 Nxc5 38. Kg2 Rxa3 39. Nd5 Kg7 40. f3 Re5 41. Ndf4 Rae3 42. Kf2 g5 43. Nh5+ Kf8 44. Kf1 Rxf3+ 45. Kg2 Rfe3 46. Nhg3 Nd3 47. Rd1 Rxe2+ 48. Nxe2 Rxe2+ 49. Kf3 Nf4 0-1

[Event "Catalunya-chT Gp2"]
[Site "Barcelona"]
[Date "2019.02.02"]
[Round "3.8"]
[White "Castellet Giralt, Gabriel"]
[Black "Campins Machado, Francesc"]
[Result "1-0"]
[WhiteElo "2217"]
[BlackElo "2109"]
[PlyCount "169"]
[EventDate "2019.01.19"]
[EventType "team-tourn"]
[EventRounds "7"]
[EventCountry "ESP"]
[SourceTitle "CBM 188 Extra"]
[Source "ChessBase"]
[SourceDate "2019.02.26"]
[SourceVersion "1"]
[SourceVersionDate "2019.02.26"]
[SourceQuality "1"]
[WhiteTeam "Cerdanyola Valles"]
[BlackTeam "Sant Josep de Badalona"]
[WhiteTeamCountry "ESP"]
[BlackTeamCountry "ESP"]

1. d4 Nf6 2. c4 e6 3. Nc3 Bb4 4. e3 0-0 5. Nge2 b6 6. a3 Bxc3+ 7. Nxc3 Bb7 8. Bd3 d6 9. 0-0 c5 10. d5 a6 11. a4 Nbd7 12. f4 exd5 13. cxd5 Re8 14. e4 c4 15. Bc2 Qc7 16. Be3 Rad8 17. Qf3 Nc5 18. Bd4 Qe7 19. Rae1 h6 20. Qg3 Nh5 21. Qh3 Nf6 22. Qg3 Nh5 23. Qf3 Nf6 24. Re3 Bc8 25. h3 Bb7 26. Rfe1 Ba8 27. Qe2 Rc8 28. Qf3 Qd8 29. Rf1 Qe7 30. Qd1 Rcd8 31. Rg3 Ncd7 32. Qf3 Nc5 33. e5 dxe5 34. fxe5 Nxd5 35. Qf5 Nd3 36. Bxd3 cxd3 37. Ne4 Qe6 38. Qf2 Kf8 39. Nd6 Re7 40. Rf3 Rdd7 41. Qh4 d2 42. Qf2 Nb4 43. Rc3 Nc6 44. Qxd2 Qd5 45. Qf4 Kg8 46. Nf5 Nxd4 47. Nxe7+ Rxe7 48. Qg4 Bc6 49. Rd1 Rd7 50. Rcd3 Qxe5 51. Rxd4 Qe3+ 52. Kh1 Rxd4 53. Rxd4 Qe1+ 54. Kh2 Qe5+ 55. Qf4 Qxf4+ 56. Rxf4 Kf8 57. Rc4 Bd7 58. Rb4 b5 59. a5 Ke7 60. Rd4 Bc6 61. Kg3 g6 62. Kf2 h5 63. g3 Bb7 64. Ke3 Bg2 65. h4 Bc6 66. b4 Bb7 67. Rd2 Bc6 68. Kf4 f6 69. Rd1 Bd7 70. Ke4 Bc6+ 71. Kd4 Kd6 72. Rf1 f5 73. Rc1 Bd7 74. Rc5 Be6 75. Re5 Bf7 76. Re1 Be6 77. Rc1 Bd7 78. Rc2 Be6 79. Rc5 Bd7 80. Rd5+ Kc6 81. Ke5 Be8 82. Rc5+ Kd7 83. Kf6 Kd8 84. Rd5+ Kc7 85. Re5 1-0

[Event "Catalunya-chT GpA final"]
[Site "Barcelona"]
[Date "2018.03.10"]
[Round "1.7"]
[White "Rahal, Michael"]
[Black "Campins Machado, Francesc"]
[Result "1-0"]
[WhiteElo "2312"]
[BlackElo "2044"]
[PlyCount "63"]
[EventDate "2018.03.10"]
[EventType "team-tourn"]
[EventRounds "4"]
[EventCountry "ESP"]
[SourceTitle "CBM 183 Extra"]
[Source "ChessBase"]
[SourceDate "2018.04.19"]
[SourceVersion "1"]
[SourceVersionDate "2018.04.19"]
[SourceQuality "1"]
[WhiteTeam "Colon Sabadell"]
[BlackTeam "Sant Josep de Badalona"]
[WhiteTeamCountry "ESP"]
[BlackTeamCountry "ESP"]

1. e4 c5 2. Nf3 e6 3. d4 cxd4 4. Nxd4 Nf6 5. Nc3 d6 6. Be3 Be7 7. f3 Nc6 8. Qd2 0-0 9. 0-0-0 d5 10. exd5 Nxd5 11. Nxd5 Qxd5 12. c4 Qd6 13. Nb5 Qb8 14. Qf2 e5 15. Nc3 Be6 16. Kb1 Rd8 17. Be2 Bf6 18. Ne4 Bf5 19. g4 Bxe4+ 20. fxe4 Rxd1+ 21. Rxd1 Qe8 22. g5 Be7 23. c5 Rd8 24. Rf1 Nd4 25. Bc4 Ne6 26. h4 Bf8 27. h5 Kh8 28. g6 Nf4 29. gxf7 Qa4 30. b3 Qa5 31. h6 g5 32. Bxf4 1-0

[Event "Barcelona Sants op 19th"]
[Site "Barcelona"]
[Date "2017.08.18"]
[Round "1"]
[White "Sundararajan, Kidambi"]
[Black "Campins Machado, Francesc"]
[Result "1-0"]
[WhiteElo "2422"]
[BlackElo "2056"]
[PlyCount "37"]
[EventDate "2017.08.18"]
[EventType "swiss"]
[EventRounds "10"]
[EventCountry "ESP"]
[SourceTitle "CBM 180 Extra"]
[Source "ChessBase"]
[SourceDate "2017.10.06"]
[SourceVersion "1"]
[SourceVersionDate "2017.10.06"]
[SourceQuality "1"]

1. d4 Nf6 2. Nf3 e6 3. e3 c5 4. Bd3 Nc6 5. 0-0 d5 6. c3 Bd6 7. Nbd2 0-0 8. dxc5 Bxc5 9. b4 Bd6 10. Bb2 e5 11. e4 dxe4 12. Nxe4 Nxe4 13. Bxe4 f5 14. Bd5+ Kh8 15. b5 Ne7 16. c4 e4 17. Qd4 Rf6 18. Qxf6 gxf6 19. Bxf6# 1-0

[Event "Catalunya-chT Gp2"]
[Site "Barcelona"]
[Date "2017.02.11"]
[Round "4.10"]
[White "Flores de Paco, David"]
[Black "Campins Machado, Francesc"]
[Result "0-1"]
[WhiteElo "2094"]
[BlackElo "2058"]
[PlyCount "52"]
[EventDate "2017.01.21"]
[EventType "team-tourn"]
[EventRounds "7"]
[EventCountry "ESP"]
[SourceTitle "CBM 176 Extra"]
[Source "ChessBase"]
[SourceDate "2017.03.02"]
[SourceVersion "1"]
[SourceVersionDate "2017.03.02"]
[SourceQuality "1"]
[WhiteTeam "Terrassa"]
[BlackTeam "Sant Josep de Badalona"]
[WhiteTeamCountry "ESP"]
[BlackTeamCountry "ESP"]

1. e4 c5 2. d4 cxd4 3. c3 d5 4. exd5 Qxd5 5. cxd4 Nc6 6. Nf3 e5 7. Nc3 Bb4 8. Qa4 exd4 9. Bb5 Qe4+ 10. Kd1 Bxc3 11. bxc3 Nge7 12. Re1 Qg6 13. Ba3 0-0 14. Bxe7 Nxe7 15. Rxe7 dxc3 16. Ke1 Qxg2 17. Re3 Qh1+ 18. Bf1 Bh3 19. Ke2 b5 20. Qh4 Be6 21. Rxe6 fxe6 22. Qh3 Rad8 23. Ng5 h6 24. Qxe6+ Kh8 25. Nf7+ Rxf7 26. Qxf7 Qe4# 0-1

[Event "Barcelona Vila Gracia op 10th"]
[Site "Barcelona"]
[Date "2016.11.25"]
[Round "9.7"]
[White "Campins Machado, Francesc"]
[Black "Martinez, Juan Manuel"]
[Result "1-0"]
[WhiteElo "2060"]
[BlackElo "1955"]
[PlyCount "51"]
[EventDate "2016.09.30"]
[EventType "swiss"]
[EventRounds "9"]
[EventCountry "ESP"]
[SourceTitle "EXT 2024"]
[Source "ChessBase"]
[SourceDate "2023.10.10"]
[SourceVersion "1"]
[SourceVersionDate "2023.10.10"]
[SourceQuality "1"]

1. Nf3 Nf6 2. c4 e6 3. d4 d5 4. g3 Be7 5. Bg2 0-0 6. 0-0 c6 7. Nbd2 Nbd7 8. Qc2 b6 9. e4 dxe4 10. Nxe4 Bb7 11. Ne5 Nxe4 12. Bxe4 f5 13. Nxc6 Bxc6 14. Bxc6 Rc8 15. Bg2 Nf6 16. Qe2 Qd7 17. b3 Rfe8 18. Bb2 Bb4 19. Rad1 Qc7 20. Qd3 f4 21. Qf3 fxg3 22. hxg3 Rf8 23. Bh3 Rce8 24. Qe2 Qd6 25. a3 Bxa3 26. c5 1-0

[Event "Barcelona Vila Gracia op 10th"]
[Site "Barcelona"]
[Date "2016.09.30"]
[Round "1.8"]
[White "Campins Machado, Francesc"]
[Black "Valbuena Castro, Gregorio"]
[Result "1-0"]
[WhiteElo "2060"]
[BlackElo "1716"]
[PlyCount "71"]
[EventDate "2016.09.30"]
[EventType "swiss"]
[EventRounds "9"]
[EventCountry "ESP"]
[SourceTitle "EXT 2024"]
[Source "ChessBase"]
[SourceDate "2023.10.10"]
[SourceVersion "1"]
[SourceVersionDate "2023.10.10"]
[SourceQuality "1"]

1. Nf3 Nf6 2. c4 g6 3. g3 Bg7 4. Bg2 0-0 5. 0-0 d6 6. Nc3 e5 7. d3 Bg4 8. Rb1 Nc6 9. b4 Re8 10. h3 Bxf3 11. Bxf3 Rb8 12. Qa4 Qd7 13. Bg2 a6 14. e3 Qf5 15. Rd1 Ne7 16. b5 axb5 17. Nxb5 Qd7 18. Ba3 d5 19. Bxe7 Rxe7 20. Qa7 Ree8 21. cxd5 Bf8 22. Rdc1 Bd6 23. Rc2 e4 24. dxe4 Ra8 25. Qd4 Be5 26. Qc4 c6 27. dxc6 bxc6 28. Qxc6 Qd3 29. Bf1 Qxe4 30. Qxe4 Nxe4 31. Bg2 Ra4 32. Rd1 Rea8 33. Rd5 Bg7 34. Rd7 Rf8 35. Bxe4 Rxe4 36. Ra7 1-0

[Event "Catalunya-chT Gp2 final"]
[Site "Barcelona"]
[Date "2016.04.16"]
[Round "4.1"]
[White "Campins Machado, Francesc"]
[Black "Cespedes Llaverias, Llibert"]
[Result "0-1"]
[WhiteElo "2069"]
[BlackElo "1774"]
[PlyCount "68"]
[EventDate "2016.03.12"]
[EventType "team-tourn"]
[EventRounds "4"]
[EventCountry "ESP"]
[SourceTitle "EXT 2017"]
[Source "ChessBase"]
[SourceDate "2016.10.25"]
[SourceVersion "1"]
[SourceVersionDate "2016.10.25"]
[SourceQuality "1"]
[WhiteTeam "Sant Josep de Badalona"]
[BlackTeam "Tres Peons"]
[WhiteTeamCountry "ESP"]
[BlackTeamCountry "ESP"]

1. Nf3 Nf6 2. c4 e6 3. g3 b6 4. Bg2 Bb7 5. 0-0 Be7 6. d4 0-0 7. d5 exd5 8. Nh4 c6 9. cxd5 Nxd5 10. Nf5 Nf6 11. e4 d5 12. exd5 Nxd5 13. Qg4 g6 14. Nxe7+ Nxe7 15. Bg5 f6 16. Rd1 Qc8 17. Qe4 Nf5 18. Bf4 Na6 19. Nc3 Re8 20. Qc4+ Kg7 21. Ne4 c5 22. g4 b5 23. Qd3 Nb4 24. Qd7+ Re7 25. Qxc8 Rxc8 26. Re1 Nc2 27. gxf5 Nxa1 28. fxg6 hxg6 29. Bh3 Rce8 30. Rxa1 Rxe4 31. Be3 f5 32. Rd1 R8e7 33. Rd6 Rh4 34. Bg5 Re1+ 0-1

[Event "Catalunya-chT Gp2 final"]
[Site "Barcelona"]
[Date "2016.03.12"]
[Round "1.1"]
[White "Campins Machado, Francesc"]
[Black "Prats Alonso, Oscar"]
[Result "1-0"]
[WhiteElo "2069"]
[BlackElo "2021"]
[PlyCount "89"]
[EventDate "2016.03.12"]
[EventType "team-tourn"]
[EventRounds "4"]
[EventCountry "ESP"]
[SourceTitle "CBM 171 Extra"]
[Source "ChessBase"]
[SourceDate "2016.04.26"]
[SourceVersion "1"]
[SourceVersionDate "2016.04.26"]
[SourceQuality "1"]
[WhiteTeam "Sant Josep de Badalona"]
[BlackTeam "Sant Boi"]
[WhiteTeamCountry "ESP"]
[BlackTeamCountry "ESP"]

1. Nf3 Nf6 2. c4 g6 3. Nc3 Bg7 4. g3 0-0 5. Bg2 d6 6. 0-0 Nc6 7. Rb1 e5 8. d3 Bg4 9. h3 Bxf3 10. Bxf3 Qd7 11. Kh2 Rab8 12. Be3 a6 13. b4 Nd4 14. Bg2 c6 15. a4 h6 16. Qd2 Kh7 17. b5 Nf5 18. Rb2 axb5 19. axb5 c5 20. Ra2 g5 21. Ra7 Rfc8 22. Na4 Rc7 23. Nb6 Qd8 24. Be4 Nxe4 25. dxe4 Nd4 26. Nd5 Rd7 27. Bxd4 exd4 28. e3 f6 29. exd4 cxd4 30. Qxd4 f5 31. Qd3 fxe4 32. Qxe4+ Kh8 33. Re1 Qf8 34. Kg2 Rf7 35. Re2 Be5 36. c5 Qg7 37. Ne3 Rbf8 38. cxd6 Bxd6 39. Rea2 Re7 40. Qd3 Qf6 41. Nd5 Qf7 42. Nxe7 Bxe7 43. Ra8 b6 44. Rxf8+ Qxf8 45. Ra7 1-0

[Event "ESP-ch U18"]
[Site "Salobrena"]
[Date "2015.07.27"]
[Round "1"]
[White "Campins Machado, Francesc"]
[Black "Garcia Martin, Guillermo"]
[Result "1-0"]
[WhiteElo "2127"]
[BlackElo "1791"]
[PlyCount "113"]
[EventDate "2015.07.27"]
[EventType "swiss"]
[EventRounds "9"]
[EventCountry "ESP"]
[SourceTitle "EXT 2016"]
[Source "ChessBase"]
[SourceDate "2015.10.08"]
[SourceVersion "1"]
[SourceVersionDate "2015.10.08"]
[SourceQuality "1"]

1. Nf3 d5 2. c4 e6 3. g3 Nf6 4. Bg2 Be7 5. 0-0 0-0 6. Qc2 c6 7. d4 Nbd7 8. Nbd2 h6 9. Rd1 Re8 10. e4 dxe4 11. Nxe4 Nxe4 12. Qxe4 Nb6 13. Qc2 Bf6 14. Bf4 Qe7 15. c5 Nd5 16. Bd6 Qd8 17. Ne5 Be7 18. Nc4 b5 19. Bxe7 Qxe7 20. Nd6 Rd8 21. Re1 Qc7 22. a4 b4 23. Qe4 a5 24. f4 Bd7 25. Bf1 Nf6 26. Qe5 Ne8 27. Nc4 Qxe5 28. dxe5 Nc7 29. Bg2 Nd5 30. Rac1 Be8 31. Nd6 Bd7 32. Re2 Rab8 33. Nc4 Ra8 34. Kf2 Kf8 35. Be4 Bc8 36. Rd2 Ra7 37. Kf3 Ke7 38. g4 g6 39. Rcd1 Rdd7 40. Nd6 Rd8 41. h4 Rh8 42. Rh1 h5 43. gxh5 gxh5 44. Rg1 Ba6 45. Rg7 Kf8 46. Rdg2 Re7 47. Bh7 Ra7 48. Bg8 Bd3 49. Rxf7+ Rxf7 50. Bxf7 Ke7 51. Rg7 Kf8 52. Rg5 Nc3 53. bxc3 b3 54. Bg6 Bxg6 55. Rxg6 b2 56. Rg1 Rg8 57. Rb1 1-0